000
00219 a2200097 4500
001
17047
100
_a
Dickens Charles
245
_a
Adventures of Oliver twist
260
_a
London
_b
Macdonald
_c
090
_c
12713
_d
12713
942
_a
NUST-CAE
_c
M
_c
3018
999
_c
252120
_d
252120